Score 0/26 Timer 03:00
3 Plays Today
Hint Answer % Correct
Word that rhymes with 'Art'Cart
92.1%
Two-digit numberTen
91.5%
Seven Dwarfs memberDoc
84.8%
Clue(do) weaponRope
81.8%
Greek alphabet letterMu
78.9%
US vice president surnameBurr
77.3%
Trigonometric functionSine
75%
New Testament book (KJV)Mark
75%
Nobel Prize categoryPeace
72.9%
European currencyPound
72.9%
Main 6 'Friends' surnameBing
72.2%
Nintendo consoleWii
68.5%
Official UN language (in English)French
65.7%
Hint Answer % Correct
New York City countyQueens
65%
Michael Jackson songBad
61.9%
Winter Olympic sportLuge
61.7%
Greek OlympianZeus
59.3%
NHL team nameBlues
58.2%
Beatles albumHelp!
57.2%
Founding AvengerHulk
56.7%
Super Mario Bros. characterToad
52.3%
Volkswagen modelGolf
40.2%
Taxonomic rankClass
34.5%
Asian capitalSeoul
32.3%
Hogwarts subjectCharms
22.3%
Gen 1 PokémonMew
19.9%
Remove Ads.
Support Sporcle.
Get the best of Sporcle when you Go Orange. This ad-free experience offers more features, more stats, and more fun while also helping to support Sporcle. Thank you for becoming a member.

You're not logged in!

Compare scores with friends on all Sporcle quizzes.
OR
Log In

Show Comments

Extras

Top Quizzes Today


Score Distribution

Your Account Isn't Verified!

In order to create a playlist on Sporcle, you need to verify the email address you used during registration. Go to your Sporcle Settings to finish the process.

Report this User

Report this user for behavior that violates our Community Guidelines.

Details: